[Event "Titled Tuesday 2024.02.27 Late"]
[Site "chess.com INT"]
[Date "2024.02.27"]
[Round "1"]
[White "Gokerkan, Cem Kaan"]
[Black "Kleinman, Michael"]
[Result "1-0"]
[WhiteElo "2523"]
[BlackElo "2387"]
[PlyCount "45"]
[EventDate "2024.02.27"]
[EventType "swiss (blitz)"]
[EventRounds "11"]
[EventCountry "NET"]
[Source "Mark Crowther"]
[SourceDate "2024.03.04"]

1. e4 c6 2. d4 d5 3. e5 Bf5 4. h4 h5 5. c4 e6 6. Nc3 Bb4 7. Bd3 Ne7 8. Bg5 Bxd3
9. Qxd3 Nd7 10. cxd5 cxd5 11. Nge2 a6 12. Rc1 Rc8 13. O-O Bxc3 14. Rxc3 Rxc3
15. Qxc3 f6 16. exf6 gxf6 17. Be3 Kf7 18. Rc1 Nc6 19. Nf4 Nb6 20. b3 Nc8 21.
Qd3 Nd6 22. Qg6+ Ke7 23. Qg7+ 1-0

[Event "Titled Tuesday 2023.02.28 Late"]
[Site "chess.com INT"]
[Date "2023.02.28"]
[Round "1"]
[White "Rasulov, Vu"]
[Black "Kleinman, Michael"]
[Result "1-0"]
[WhiteElo "2516"]
[BlackElo "2387"]
[PlyCount "69"]
[EventDate "2023.02.28"]
[EventType "swiss (blitz)"]
[EventRounds "11"]
[EventCountry "NET"]
[Source "Mark Crowther"]
[SourceDate "2023.03.06"]

1. Nf3 c5 2. e4 e6 3. d4 cxd4 4. Nxd4 Nc6 5. Nc3 Qc7 6. Be3 a6 7. Qf3 h5 8.
Nxc6 bxc6 9. Qg3 Qxg3 10. hxg3 d5 11. g4 Nf6 12. f3 dxe4 13. Nxe4 Nxe4 14. fxe4
h4 15. O-O-O Be7 16. g5 e5 17. Bc4 Be6 18. Bxe6 fxe6 19. Rh3 Kf7 20. Rd7 Rad8
21. g6+ Ke8 22. Rc7 Rf8 23. c3 Rf6 24. Rxe7+ Kxe7 25. Bg5 Rdf8 26. Rf3 Ke8 27.
Bxf6 Rxf6 28. Rxf6 gxf6 29. Kd2 Kf8 30. b4 Kg7 31. c4 Kxg6 32. a4 Kf7 33. b5
cxb5 34. cxb5 h3 35. gxh3 1-0

[Event "Chess.com Bullet Open 2"]
[Site "chess.com INT"]
[Date "2020.12.19"]
[Round "1"]
[White "Sadhwani, Raunak"]
[Black "Kleinman, Michael"]
[Result "1-0"]
[WhiteElo "2545"]
[BlackElo "2387"]
[PlyCount "125"]
[EventDate "2020.12.19"]
[EventType "swiss (blitz)"]
[EventRounds "21"]
[EventCountry "NET"]
[Source "Mark Crowther"]
[SourceDate "2020.12.21"]

1. Nf3 c6 2. g3 d5 3. Bg2 g6 4. O-O Bg7 5. c4 Nf6 6. d4 O-O 7. cxd5 cxd5 8. Ne5
Ng4 9. Nf3 Nc6 10. Nc3 Bf5 11. Qb3 Nf6 12. Qxb7 Qb6 13. Qxb6 axb6 14. Rd1 Rfc8
15. Ne5 Nb4 16. a3 Nc2 17. Ra2 b5 18. Nxd5 Nxd5 19. Bxd5 Rab8 20. Bxf7+ Kf8 21.
Bf4 Bxe5 22. Bxe5 Kxf7 23. Bxb8 Rxb8 24. f3 Be6 25. b3 Bxb3 26. Rb2 Ba4 27. Rd3
Rc8 28. Kf2 Ke6 29. e4 Rc4 30. d5+ Kd6 31. g4 g5 32. Kg3 Ne1 33. Re3 Nc2 34.
Re2 Nd4 35. Red2 e5 36. dxe6 Kxe6 37. h4 h6 38. hxg5 hxg5 39. Rh2 Rc3 40. Rbf2
Ke5 41. Rh5 Ne6 42. Rd2 Rxa3 43. Rd5+ Kf6 44. Rh6+ Ke7 45. Re5 Bb3 46. Rxb5 Kd6
47. Rb6+ Kc5 48. Rxb3 Kd4 49. Rxa3 Ke5 50. Ra4 Nf4 51. Ra5+ Kd4 52. Rxg5 Ke3
53. Kh4 Ke2 54. Rf5 Kf2 55. Rxf4 Kg2 56. Rf5 Kg1 57. e5 Kg2 58. e6 Kg1 59. e7
Kg2 60. e8=Q Kg1 61. Qe2 Kh1 62. Kg3+ Kg1 63. Qe1# 1-0

[Event "Chess.com Bullet Open 2"]
[Site "chess.com INT"]
[Date "2020.12.19"]
[Round "2"]
[White "Kleinman, Michael"]
[Black "Makkar, Rajat"]
[Result "0-1"]
[WhiteElo "2387"]
[BlackElo "2231"]
[PlyCount "68"]
[EventDate "2020.12.19"]
[EventType "swiss (blitz)"]
[EventRounds "21"]
[EventCountry "NET"]
[Source "Mark Crowther"]
[SourceDate "2020.12.21"]

1. g3 e5 2. Bg2 d5 3. c3 Nf6 4. d4 Bd6 5. dxe5 Bxe5 6. Nf3 Bd6 7. O-O c6 8. Bg5
O-O 9. Nbd2 h6 10. Bxf6 Qxf6 11. e4 Be6 12. Re1 Qd8 13. e5 Bc5 14. Nd4 Nd7 15.
N2b3 Bb6 16. Nxe6 fxe6 17. Qg4 Bxf2+ 18. Kh1 Bxe1 19. Qxe6+ Kh8 20. Rxe1 Qe8
21. Qg4 Nxe5 22. Qd4 Rf5 23. Nc5 Qh5 24. Nxb7 Nf3 25. Bxf3 Qxf3+ 26. Kg1 Raf8
27. Nd6 Qf2+ 28. Qxf2 Rxf2 29. b4 Rxa2 30. Re7 Rff2 31. Re8+ Kh7 32. Rf8 Rg2+
33. Kf1 Rxh2 34. Rf2 Rhxf2+ 0-1

[Event "Speed Chess Super Swiss"]
[Site "chess.com INT"]
[Date "2020.10.03"]
[Round "2"]
[White "Arun, Siddharth"]
[Black "Kleinman, Michael"]
[Result "0-1"]
[WhiteElo "2055"]
[BlackElo "2387"]
[PlyCount "48"]
[EventDate "2020.10.03"]
[EventType "swiss (blitz)"]
[EventRounds "15"]
[EventCountry "NET"]
[Source "Mark Crowther"]
[SourceDate "2020.10.05"]

1. d4 Nf6 2. Nc3 d5 3. Bf4 Bf5 4. f3 c6 5. g4 Bg6 6. h4 h5 7. g5 Nfd7 8. e4 e6
9. Qd2 Bb4 10. Bd3 c5 11. a3 Ba5 12. dxc5 d4 13. b4 dxc3 14. Qxc3 Bc7 15. Qxg7
Ke7 16. Bd6+ Bxd6 17. cxd6+ Kxd6 18. O-O-O Ke7 19. f4 e5 20. f5 Rh7 21. f6+ Kd6
22. Bb5+ Kc7 23. Nf3 Rxg7 24. fxg7 Nc6 0-1

[Event "Speed Chess Super Swiss"]
[Site "chess.com INT"]
[Date "2020.10.03"]
[Round "3"]
[White "Kleinman, Michael"]
[Black "Nagy, Ga1"]
[Result "0-1"]
[WhiteElo "2387"]
[BlackElo "2491"]
[PlyCount "74"]
[EventDate "2020.10.03"]
[EventType "swiss (blitz)"]
[EventRounds "15"]
[EventCountry "NET"]
[Source "Mark Crowther"]
[SourceDate "2020.10.05"]

1. e4 c5 2. Nf3 Nc6 3. Bb5 Na5 4. O-O a6 5. Be2 d6 6. d4 cxd4 7. Nxd4 Nf6 8.
Nc3 g6 9. Be3 Bg7 10. Qd2 O-O 11. Bh6 b5 12. Bxg7 Kxg7 13. Bf3 Nc4 14. Qc1 Bb7
15. g3 Qb6 16. Rd1 e6 17. Bg2 Rac8 18. b3 Ne5 19. Qb2 Rfd8 20. Rac1 Qc5 21.
Nce2 Bxe4 22. f4 Bxg2 23. Kxg2 Neg4 24. Rd3 e5 25. h3 exd4 26. hxg4 Qd5+ 27.
Kg1 Qe6 28. g5 Qxe2 29. Qxd4 Kg8 30. Re3 Qg4 31. gxf6 Re8 32. Rce1 Rxe3 33.
Rxe3 h5 34. Rc3 Rd8 35. Kg2 h4 36. Qd5 Re8 37. Rc7 Qxg3+ 0-1

[Event "Titled Tuesday 2020.09.15"]
[Site "chess.com INT"]
[Date "2020.09.15"]
[Round "1"]
[White "Sailer, M."]
[Black "Kleinman, Michael"]
[Result "1-0"]
[WhiteElo "2109"]
[BlackElo "2387"]
[PlyCount "105"]
[EventDate "2020.09.15"]
[EventType "swiss (blitz)"]
[EventRounds "10"]
[EventCountry "NET"]
[Source "Mark Crowther"]
[SourceDate "2020.09.21"]

1. d4 Nf6 2. Nf3 e6 3. Bf4 b6 4. e3 Bb7 5. Be2 g6 6. O-O Bg7 7. c4 O-O 8. Nc3
d6 9. h3 Nbd7 10. a4 a5 11. Nb5 Ne4 12. Rc1 e5 13. Bh2 Re8 14. Qc2 Rc8 15. Rfd1
Qe7 16. Ne1 h5 17. Bf3 Ndf6 18. d5 Nc5 19. Na7 Rcd8 20. Nc6 Bxc6 21. dxc6 Qe6
22. Bd5 Qf5 23. Qxf5 gxf5 24. Ra1 e4 25. Nc2 Nxd5 26. cxd5 Bxb2 27. Ra2 Be5 28.
Bxe5 Rxe5 29. Nd4 Rxd5 30. Rb1 Ne6 31. Nb5 Rd3 32. Rc1 Kg7 33. Rc4 d5 34. Rcc2
Kf6 35. Kf1 Ke5 36. Ke2 d4 37. f4+ exf3+ 38. Kxd3 Nc5+ 39. Rxc5+ bxc5 40. gxf3
dxe3+ 41. Kxe3 f4+ 42. Ke2 c4 43. Rd2 Rg8 44. Rd7 Rg2+ 45. Kf1 Ra2 46. Rxc7 Kf5
47. Rxf7+ Kg5 48. c7 Kh4 49. Rg7 Ra1+ 50. Ke2 c3 51. c8=Q c2 52. Qd8+ Kxh3 53.
Qg5 1-0

[Event "Titled Tuesday 2020.08.18"]
[Site "chess.com INT"]
[Date "2020.08.18"]
[Round "1"]
[White "Kleinman, Michael"]
[Black "Sjugirov, S."]
[Result "0-1"]
[WhiteElo "2387"]
[BlackElo "2675"]
[PlyCount "84"]
[EventDate "2020.08.18"]
[EventType "swiss (blitz)"]
[EventRounds "10"]
[EventCountry "NET"]
[Source "Mark Crowther"]
[SourceDate "2020.08.24"]

1. e4 c5 2. Nf3 d6 3. d4 cxd4 4. Qxd4 Nf6 5. Bg5 Nc6 6. Bb5 Bd7 7. Qd3 e6 8.
Nc3 a6 9. Bxc6 Bxc6 10. O-O-O Qa5 11. Kb1 Be7 12. h4 h6 13. Bc1 Rc8 14. Nd4 Bd7
15. f3 b5 16. g4 b4 17. Nce2 g6 18. Ng3 e5 19. Nb3 Qb5 20. g5 Qxd3 21. cxd3
hxg5 22. hxg5 Rxh1 23. Rxh1 Ng8 24. d4 f6 25. Nf1 fxg5 26. Rg1 Kf7 27. Bxg5
Bxg5 28. Rxg5 Bb5 29. Ne3 Bd3+ 30. Ka1 exd4 31. Nd5 Nf6 32. Nxf6 Kxf6 33. Rg1
Rc4 34. Nc1 Bc2 35. b3 Rc5 36. Kb2 d3 37. Rg2 Ke5 38. Rg5+ Kd4 39. Rxg6 d2 40.
Rxd6+ Ke3 41. Rxd2 Kxd2 42. f4 Bxe4 0-1

[Event "Sants op"]
[Site "Barcelona ESP"]
[Date "2017.08.26"]
[Round "9.14"]
[White "Grigoryan, K2."]
[Black "Kleinman, Michael"]
[Result "1-0"]
[WhiteElo "2570"]
[BlackElo "2340"]
[PlyCount "87"]
[EventDate "2017.08.18"]
[EventType "swiss"]
[EventRounds "10"]
[EventCountry "ESP"]
[Source "Mark Crowther"]
[SourceDate "2017.09.04"]

1. g3 g6 2. Bg2 Bg7 3. d4 d5 4. Nf3 Nf6 5. O-O O-O 6. c4 c6 7. Qb3 Qb6 8. Nc3
Rd8 9. Qa3 dxc4 10. Qxe7 Re8 11. Qa3 Nd5 12. e4 Nxc3 13. bxc3 Qa6 14. Qb4 Nd7
15. Bf4 b6 16. Nd2 c5 17. Qxc4 Qxc4 18. Nxc4 Ba6 19. Nd6 Bxf1 20. Rxf1 Re7 21.
e5 Rd8 22. Nb5 h6 23. Bc1 Nf8 24. f4 a6 25. Nd6 cxd4 26. cxd4 Rxd6 27. exd6
Bxd4+ 28. Kh1 Re6 29. Ba3 Re3 30. Rd1 Rxa3 31. Rxd4 Rxa2 32. h4 g5 33. d7 Nxd7
34. Rxd7 gxf4 35. g4 Ra1+ 36. Kh2 Ra2 37. Kg1 Ra3 38. Kf2 Rg3 39. Bf3 f6 40.
Rd4 Rh3 41. Rxf4 h5 42. Kg2 Rxh4 43. Kg3 Rxg4+ 44. Bxg4 1-0

[Event "Riga Tech op-A"]
[Site "Riga LAT"]
[Date "2017.08.08"]
[Round "2.24"]
[White "Zeng, Chongsheng"]
[Black "Kleinman, Michael"]
[Result "0-1"]
[WhiteElo "2537"]
[BlackElo "2340"]
[PlyCount "86"]
[EventDate "2017.08.07"]
[EventType "swiss"]
[EventRounds "9"]
[EventCountry "LAT"]
[Source "Chess Mix"]
[SourceDate "2017.08.20"]

1. e4 c5 2. Nf3 e6 3. d4 cxd4 4. Nxd4 Nc6 5. Nc3 Qc7 6. Be3 a6 7. Qd2 Nf6 8.
O-O-O Be7 9. f3 b5 10. Kb1 h5 11. Qf2 d6 12. Nb3 Bd7 13. Qg3 h4 14. Qf2 Rb8 15.
Ne2 Ne5 16. Qe1 Nc4 17. Bf4 Rc8 18. c3 Qb6 19. Nd2 Ne5 20. Nc1 a5 21. Qe3 Qb7
22. Be2 Bc6 23. Ndb3 Ra8 24. Nd4 Bd7 25. Bg5 Nc4 26. Bxc4 bxc4 27. Rhe1 Rb8 28.
Rd2 Rh5 29. f4 Rxg5 30. fxg5 Ng4 31. Qh3 Bxg5 32. Rc2 Ne5 33. Nf3 Bxc1 34.
Rexc1 Nd3 35. Qxh4 a4 36. Qh8+ Ke7 37. Qxg7 a3 38. Ng5 Nxc1 39. Rf2 Kd8 40.
Kxc1 axb2+ 41. Kb1 Qa7 42. Qf6+ Kc7 43. a4 Qxa4 0-1

[Event "Riga Tech op-A"]
[Site "Riga LAT"]
[Date "2017.08.08"]
[Round "3.19"]
[White "Kleinman, Michael"]
[Black "Lei, Tingjie"]
[Result "0-1"]
[WhiteElo "2340"]
[BlackElo "2514"]
[PlyCount "84"]
[EventDate "2017.08.07"]
[EventType "swiss"]
[EventRounds "9"]
[EventCountry "LAT"]
[Source "Chess Mix"]
[SourceDate "2017.08.20"]

1. e4 c6 2. Nc3 d5 3. Nf3 Nf6 4. e5 Ne4 5. Ne2 Qb6 6. d4 e6 7. Nfg1 f6 8. f3
Ng5 9. exf6 gxf6 10. f4 Ne4 11. Ng3 Bd7 12. a4 a5 13. Nxe4 dxe4 14. Qh5+ Kd8
15. c3 Be7 16. Bc4 Na6 17. f5 e5 18. dxe5 fxe5 19. Bg5 Qxb2 20. Bxe7+ Kc8 21.
Ra3 Nb4 22. Rb3 Qc1+ 23. Kf2 Nc2 24. Ne2 e3+ 25. Kg3 Qxh1 26. Qg5 Ne1 27. Kh3
Qf1 28. Be6 Bxe6 29. fxe6 Qxe2 30. Bf6 Re8 31. e7 Qd1 32. c4 e2 33. Re3 Nc2 34.
Rxe2 Qxe2 35. Qf5+ Kc7 36. c5 Kb8 37. Qd7 Qh5+ 38. Bh4 Ra6 39. g4 Qf7 40. Bf6
Ka7 41. Qd8 Ne3 42. Kg3 Qxf6 0-1

[Event "Fano op"]
[Site "Fano ITA"]
[Date "2017.07.29"]
[Round "1.8"]
[White "Kleinman, Michael"]
[Black "Russo, Leonardo"]
[Result "1-0"]
[WhiteElo "2366"]
[BlackElo "1986"]
[PlyCount "79"]
[EventDate "2017.07.29"]
[EventType "swiss"]
[EventRounds "9"]
[EventCountry "ITA"]
[Source "Chess Mix"]
[SourceDate "2017.08.10"]

1. e4 e6 2. d4 d5 3. Nd2 Nf6 4. e5 Nfd7 5. Bd3 c5 6. c3 Nc6 7. Ne2 Qb6 8. Nf3
cxd4 9. cxd4 f6 10. exf6 Nxf6 11. O-O Bd6 12. Rb1 O-O 13. Bf4 Qc7 14. Bg3 Bd7
15. Nc3 Bxg3 16. hxg3 a6 17. Re1 Rae8 18. Rc1 Qd6 19. Ne5 b5 20. g4 h6 21. Bb1
b4 22. Na4 Nxd4 23. Nxd7 Qxd7 24. Nc5 Qd6 25. Qxd4 e5 26. Qxb4 e4 27. Nd3 Qd7
28. f3 exd3 29. Qd4 Rxe1+ 30. Rxe1 Re8 31. Rd1 Qb5 32. Bxd3 Qa5 33. a3 Re1+ 34.
Rxe1 Qxe1+ 35. Bf1 Kh8 36. b4 Qc1 37. a4 h5 38. Qc5 Qf4 39. Bd3 hxg4 40. Qf8+
1-0

[Event "Fano op"]
[Site "Fano ITA"]
[Date "2017.07.30"]
[Round "2.7"]
[White "Pastuszko, Kinga"]
[Black "Kleinman, Michael"]
[Result "0-1"]
[WhiteElo "1961"]
[BlackElo "2366"]
[PlyCount "70"]
[EventDate "2017.07.29"]
[EventType "swiss"]
[EventRounds "9"]
[EventCountry "ITA"]
[Source "Chess Mix"]
[SourceDate "2017.08.10"]

1. e4 c5 2. Nf3 Nc6 3. d4 cxd4 4. Nxd4 Qc7 5. Nc3 e6 6. Be3 a6 7. Qd2 Nf6 8.
O-O-O Be7 9. f3 b5 10. Kb1 h5 11. Nb3 Ne5 12. Qf2 d6 13. h3 Rb8 14. f4 Nc4 15.
Ba7 Rb7 16. Bd4 b4 17. Bxc4 bxc3 18. Bxa6 Rxb3 19. axb3 Bxa6 20. Bxc3 Nxe4 21.
Qd4 Nxc3+ 22. Qxc3 Qxc3 23. bxc3 Bb7 24. Rhg1 Be4 25. c4 d5 26. cxd5 exd5 27.
Kb2 O-O 28. g4 Ra8 29. Ra1 Rc8 30. c3 Bf6 31. Rg3 d4 32. Re1 dxc3+ 33. Kc1 Bh4
34. Rxe4 Bxg3 35. gxh5 c2 0-1

[Event "Fano op"]
[Site "Fano ITA"]
[Date "2017.07.31"]
[Round "3.1"]
[White "Kleinman, Michael"]
[Black "Fedorchuk, Sergey"]
[Result "0-1"]
[WhiteElo "2366"]
[BlackElo "2628"]
[PlyCount "45"]
[EventDate "2017.07.29"]
[EventType "swiss"]
[EventRounds "9"]
[EventCountry "ITA"]
[Source "Chess Mix"]
[SourceDate "2017.08.10"]

1. e4 c5 2. Nf3 e6 3. d4 cxd4 4. Nxd4 Nc6 5. Nc3 d6 6. Be3 a6 7. Qe2 Nge7 8.
O-O-O Nxd4 9. Bxd4 Nc6 10. Be3 b5 11. Kb1 Be7 12. f4 Qc7 13. Qf2 Rb8 14. g4 Bd7
15. g5 Na5 16. f5 b4 17. Ne2 Nc4 18. Nd4 e5 19. Bxc4 Qxc4 20. f6 gxf6 21. gxf6
Bxf6 22. b3 Qc8 23. Ne2 0-1

[Event "Fano op"]
[Site "Fano ITA"]
[Date "2017.07.31"]
[Round "4.7"]
[White "Landi, Alberto"]
[Black "Kleinman, Michael"]
[Result "1/2-1/2"]
[WhiteElo "2123"]
[BlackElo "2366"]
[PlyCount "49"]
[EventDate "2017.07.29"]
[EventType "swiss"]
[EventRounds "9"]
[EventCountry "ITA"]
[Source "Chess Mix"]
[SourceDate "2017.08.10"]

1. e4 e6 2. d3 c5 3. Nf3 d5 4. Qe2 Nc6 5. g3 Be7 6. Bg2 Nf6 7. O-O O-O 8. e5
Nd7 9. c4 Nb6 10. h4 f6 11. exf6 Bxf6 12. Bg5 Bd7 13. Nbd2 h6 14. Bxf6 Qxf6 15.
b3 Be8 16. Rae1 Bf7 17. Ne5 Nxe5 18. Qxe5 Qxe5 19. Rxe5 Bg6 20. Rc1 Rae8 21.
Bh3 Bf5 22. Bxf5 exf5 23. Rxe8 Rxe8 24. cxd5 Rc8 25. d4 1/2-1/2

[Event "Salento op"]
[Site "Salento ITA"]
[Date "2017.05.24"]
[Round "6"]
[White "Kleinman, Michael"]
[Black "Horvath, Csaba"]
[Result "1/2-1/2"]
[WhiteElo "2335"]
[BlackElo "2503"]
[PlyCount "276"]
[EventDate "2017.05.20"]
[EventType "swiss"]
[EventRounds "9"]
[EventCountry "ITA"]

1. e4 g6 2. d4 Bg7 3. Nf3 d6 4. Nc3 Nf6 5. h3 O-O 6. Be3 c6 7. a4 Nbd7 8. Be2
Qc7 9. Qd2 b6 10. O-O Bb7 11. Bh6 a6 12. Qe3 e5 13. dxe5 dxe5 14. Bc4 b5 15.
Ba2 b4 16. Ne2 Qb6 17. Qxb6 Nxb6 18. Bxg7 Kxg7 19. Nxe5 a5 20. f3 Ba6 21. Rfe1
c5 22. c4 Rfd8 23. Nf4 Nxa4 24. Nfd3 Nd7 25. Nc6 Ndb6 26. Nxd8 Rxd8 27. Red1
Nxc4 28. Bxc4 Bxc4 29. Rxa4 Bb3 30. Rxa5 Bxd1 31. Nxc5 b3 32. Rb5 Rd2 33. Nxb3
Rxb2 34. Nd4 Rd2 35. Rd5 Rb2 36. h4 h5 37. Rd6 Ba4 38. Kh2 Kf8 39. Kg3 Ke7 40.
Ra6 Bd7 41. Ra7 Ke8 42. Ra3 Rd2 43. Nb3 Rd3 44. Ra8+ Ke7 45. Rb8 Be6 46. Nc5
Rc3 47. Na4 Rc2 48. Rb2 Rc4 49. Nb6 Rc1 50. Rd2 Rc6 51. Na4 Bb3 52. Nb2 Bc2 53.
Kf4 Kf6 54. Rd4 Bb3 55. Ke3 Rc1 56. Rb4 Be6 57. Nd3 Rh1 58. Kf2 Rd1 59. Nf4 Rd6
60. Kg3 Ra6 61. Rd4 Rc6 62. Ne2 Rc2 63. Nf4 Ke7 64. Ra4 Bc4 65. Ra7+ Kd6 66.
Ra8 Bf1 67. Ra7 Bc4 68. Rb7 Ra2 69. Nh3 Ke6 70. Rc7 Bb3 71. Rc3 Ba4 72. Nf4+
Kf6 73. Rc5 Bb3 74. Rb5 Bc4 75. Rb4 Bf1 76. Rb7 Bc4 77. Rc7 Ra4 78. Rc5 Kg7 79.
Rc6 Bb5 80. Rc7 Bc4 81. e5 Kf8 82. Nh3 Bb3 83. Ng5 Ra5 84. Kf4 Ra4+ 85. Kg3 Ra5
86. Rc3 Ba2 87. Re3 Ke7 88. Kf4 Bd5 89. Rd3 Ra4+ 90. Kg3 Ra5 91. Rd4 Be6 92.
Kf4 Ra2 93. g3 Ra3 94. Ne4 Bd7 95. Rc4 Be6 96. Rc7+ Kf8 97. Rc3 Ra5 98. Nc5 Ke7
99. Ne4 Kf8 100. Rc5 Ra3 101. Nc3 Kg7 102. Rc7 Ra5 103. Rc6 Ra3 104. Rc5 Ra1
105. Ne2 Rd1 106. Rc3 Rd5 107. Ra3 Bd7 108. Ke4 Bc6 109. Kf4 f6 110. exf6+ Kxf6
111. Ra6 Rd6 112. Nc3 Re6 113. Ne4+ Kg7 114. Ng5 Rf6+ 115. Ke3 Bd5 116. Ra7+
Kg8 117. Rc7 Rf8 118. Rd7 Bb3 119. Ke4 Re8+ 120. Kf4 Rf8+ 121. Ke5 Rf5+ 122.
Kd6 Rd5+ 123. Ke7 Rf5 124. Rd3 Bc4 125. Rc3 Bf7 126. Re3 Kg7 127. Re4 Bb3 128.
Rb4 Re5+ 129. Kd6 Rd5+ 130. Kc6 Rd3 131. Rf4 Bd5+ 132. Kc5 Bg8 133. Kb4 Bd5
134. Kc5 Bg8 135. Ne4 Bd5 136. Nf2 Rd2 137. Ne4 Rd3 138. Ng5 Bg8 1/2-1/2

[Event "Reykjavik op"]
[Site "Reykjavik ISL"]
[Date "2017.04.25"]
[Round "8.27"]
[White "Kleinman, Michael"]
[Black "Sachdev, Tania"]
[Result "1-0"]
[WhiteElo "2289"]
[BlackElo "2429"]
[PlyCount "146"]
[EventDate "2017.04.19"]
[EventType "swiss"]
[EventRounds "10"]
[EventCountry "ISL"]
[Source "Mark Crowther"]
[SourceDate "2017.05.01"]

1. e4 c5 2. Nf3 e6 3. d4 cxd4 4. Nxd4 a6 5. c4 Nf6 6. Nc3 Bb4 7. Qd3 Nc6 8.
Nxc6 dxc6 9. Qxd8+ Kxd8 10. e5 Nd7 11. Bf4 Bxc3+ 12. bxc3 Kc7 13. h4 b6 14.
O-O-O a5 15. h5 h6 16. Rd3 Ba6 17. Rg3 Rag8 18. Rh4 Nf8 19. Be3 g5 20. hxg6
Rxg6 21. Rf3 Rg7 22. Rxh6 Ng6 23. Rxh8 Nxh8 24. Rh3 Ng6 25. Rh5 Nf8 26. f3 Nd7
27. g4 c5 28. Be2 Bb7 29. Bf4 Nb8 30. Rh8 Nc6 31. Bh6 Rg6 32. Bf4 Kd7 33. Bd3
Rg7 34. Be4 Nd8 35. Bxb7 Nxb7 36. a4 Nd8 37. Kd2 Rg6 38. Ke3 Nc6 39. Ke4 Rg7
40. Bg3 Rg5 41. Rh7 Ke8 42. Rh1 Kd7 43. Rh8 Ne7 44. Rb8 Kc7 45. Re8 Nc6 46. Rf8
Rg7 47. Rh8 Ne7 48. Bh4 Ng6 49. Bf6 Nxh8 50. Bxg7 Ng6 51. Bf6 Nf8 52. Kf4 Nd7
53. Ke4 b5 54. cxb5 Nb6 55. Kd3 Nxa4 56. Kc4 Nb6+ 57. Kxc5 Nd5 58. c4 a4 59.
cxd5 a3 60. d6+ Kd7 61. b6 a2 62. b7 a1=Q 63. b8=N+ Kc8 64. d7+ Kb7 65. d8=Q
Qa3+ 66. Kd4 Qa1+ 67. Ke4 Qe1+ 68. Kf4 Qc1+ 69. Kg3 Qe1+ 70. Kg2 Qe2+ 71. Kh3
Qf1+ 72. Kh4 Qh1+ 73. Kg5 Qc1+ 1-0

[Event "CCCSA IM-A"]
[Site "Charlotte USA"]
[Date "2017.03.29"]
[Round "1.3"]
[White "Del Campo, R."]
[Black "Kleinman, Michael"]
[Result "0-1"]
[WhiteElo "2392"]
[BlackElo "2289"]
[PlyCount "34"]
[EventDate "2017.03.29"]
[EventType "tourn"]
[EventRounds "9"]
[EventCountry "USA"]
[EventCategory "3"]
[Source "Chess Mix"]
[SourceDate "2017.04.20"]

1. e4 c5 2. Nf3 e6 3. c3 d5 4. e5 d4 5. Bd3 Bd7 6. O-O Bc6 7. Re1 g5 8. h3 h5
9. g4 hxg4 10. hxg4 dxc3 11. dxc3 Rh3 12. Re3 Nh6 13. Qe2 Nxg4 14. Re4 Nh2 15.
Nbd2 Nxf3+ 16. Nxf3 g4 17. Ne1 Qh4 0-1

[Event "CCCSA IM-A"]
[Site "Charlotte USA"]
[Date "2017.03.30"]
[Round "2.3"]
[White "Kleinman, Michael"]
[Black "Vigorito, David"]
[Result "1-0"]
[WhiteElo "2289"]
[BlackElo "2370"]
[PlyCount "61"]
[EventDate "2017.03.29"]
[EventType "tourn"]
[EventRounds "9"]
[EventCountry "USA"]
[EventCategory "3"]
[Source "Chess Mix"]
[SourceDate "2017.04.20"]

1. e4 c6 2. d4 d5 3. exd5 cxd5 4. c4 Nf6 5. Nc3 Nc6 6. Bg5 dxc4 7. Bxc4 h6 8.
Bh4 e6 9. Nf3 Be7 10. O-O O-O 11. a3 b6 12. Qd3 Bb7 13. Rfe1 Rc8 14. Bb3 Nh5
15. Bg3 Bf6 16. Bc2 g6 17. Rxe6 Nxg3 18. hxg3 Bg7 19. Re4 Ne7 20. Rf4 Qc7 21.
Re1 Rcd8 22. Ne5 Nc6 23. Qc4 Qe7 24. Bxg6 Bxe5 25. dxe5 Nxe5 26. Rxe5 Qxe5 27.
Rxf7 Bd5 28. Nxd5 Qxd5 29. Qc7 Rfe8 30. Rg7+ Kf8 31. Rh7 1-0

[Event "CCCSA IM-A"]
[Site "Charlotte USA"]
[Date "2017.03.30"]
[Round "3.4"]
[White "Ludwig, John Gabriel"]
[Black "Kleinman, Michael"]
[Result "1/2-1/2"]
[WhiteElo "2397"]
[BlackElo "2289"]
[PlyCount "81"]
[EventDate "2017.03.29"]
[EventType "tourn"]
[EventRounds "9"]
[EventCountry "USA"]
[EventCategory "3"]
[Source "Chess Mix"]
[SourceDate "2017.04.20"]

1. e4 c5 2. Nf3 e6 3. d3 d5 4. Nbd2 Nc6 5. g3 Bd6 6. Bg2 Nge7 7. O-O O-O 8. Re1
Qc7 9. Qe2 f6 10. h4 Bd7 11. c3 Be8 12. Bh3 Bf7 13. h5 Kh8 14. h6 gxh6 15. Nf1
h5 16. exd5 exd5 17. Nh4 Bg6 18. Bh6 Rfe8 19. Qf3 Ng8 20. Bf4 d4 21. Bf5 Kg7
22. Bxg6 hxg6 23. Bxd6 Qxd6 24. Qxh5 gxh5 25. Nf5+ Kg6 26. Nxd6 Rxe1 27. Rxe1
Ne5 28. Rd1 b6 29. f4 Nf7 30. Nxf7 Kxf7 31. cxd4 cxd4 32. Rc1 Ne7 33. Nd2 h4
34. gxh4 Rg8+ 35. Kf2 Rg4 36. Nf3 Nf5 37. Rc7+ Kg6 38. Rxa7 Rxf4 39. Ke2 Ng3+
40. Kf2 Nf5 41. Ke2 1/2-1/2

[Event "CCCSA IM-A"]
[Site "Charlotte USA"]
[Date "2017.03.31"]
[Round "4.2"]
[White "Kleinman, Michael"]
[Black "Javakhadze, Zurab"]
[Result "0-1"]
[WhiteElo "2289"]
[BlackElo "2470"]
[PlyCount "38"]
[EventDate "2017.03.29"]
[EventType "tourn"]
[EventRounds "9"]
[EventCountry "USA"]
[EventCategory "3"]
[Source "Chess Mix"]
[SourceDate "2017.04.20"]

1. e4 e5 2. Nf3 Nc6 3. Bb5 d6 4. O-O Bd7 5. c3 g6 6. d4 Bg7 7. Be3 Nf6 8. Nbd2
O-O 9. h3 Nxd4 10. Bc4 Ne6 11. Re1 Nh5 12. Nf1 Kh8 13. Kh2 Qe8 14. Bd5 Bc6 15.
c4 f5 16. b4 fxe4 17. N3d2 Nf6 18. Qb3 Bxd5 19. cxd5 Nd4 0-1

[Event "CCCSA IM-A"]
[Site "Charlotte USA"]
[Date "2017.03.31"]
[Round "5.5"]
[White "Potula, Kapish"]
[Black "Kleinman, Michael"]
[Result "1/2-1/2"]
[WhiteElo "2075"]
[BlackElo "2289"]
[PlyCount "46"]
[EventDate "2017.03.29"]
[EventType "tourn"]
[EventRounds "9"]
[EventCountry "USA"]
[EventCategory "3"]
[Source "Chess Mix"]
[SourceDate "2017.04.20"]

1. d4 Nf6 2. c4 e6 3. Nc3 Bb4 4. a3 Bxc3+ 5. bxc3 Nc6 6. e3 b6 7. Bd3 Na5 8. e4
Bb7 9. f3 d6 10. Ne2 c5 11. Bg5 h6 12. Bh4 e5 13. d5 g5 14. Bf2 Nh5 15. g3 Qd7
16. Nc1 Ba6 17. O-O Nf6 18. Qe2 O-O-O 19. a4 h5 20. Ra3 Kc7 21. Nb3 Rb8 22. Be3
Rhg8 23. Rb1 Rb7 1/2-1/2

[Event "CCCSA IM-A"]
[Site "Charlotte USA"]
[Date "2017.04.01"]
[Round "6.1"]
[White "Harazinska, Ewa"]
[Black "Kleinman, Michael"]
[Result "1-0"]
[WhiteElo "2257"]
[BlackElo "2289"]
[PlyCount "87"]
[EventDate "2017.03.29"]
[EventType "tourn"]
[EventRounds "9"]
[EventCountry "USA"]
[EventCategory "3"]
[Source "Chess Mix"]
[SourceDate "2017.04.20"]

1. d4 Nf6 2. c4 g6 3. Nc3 d5 4. Nf3 Bg7 5. h4 c6 6. cxd5 cxd5 7. Bf4 O-O 8. e3
Nc6 9. Ne5 Be6 10. Be2 Qa5 11. Qa4 Qxa4 12. Nxa4 Nxe5 13. Bxe5 Ne4 14. Bxg7
Kxg7 15. Bd3 Bf5 16. Bxe4 Bxe4 17. f3 Bf5 18. Kd2 b6 19. Nc3 Rfd8 20. Rac1 Rac8
21. Nb5 a6 22. Nc7 a5 23. Rc3 Rb8 24. g4 Bd7 25. Nxd5 e5 26. Nc7 b5 27. Rc5
exd4 28. exd4 Rb6 29. Rd5 Rbb8 30. Rc1 a4 31. Na6 Be6 32. Rxd8 Rxd8 33. Ke3
Bxa2 34. Rc5 Bc4 35. Nc7 Rb8 36. d5 Kf6 37. Kd4 Ke7 38. Na6 Rb6 39. Nb4 Rf6 40.
Rc7+ Kd8 41. Ra7 Bxd5 42. Kxd5 Rxf3 43. Nc6+ Kc8 44. Kc5 1-0